000 00403cam a22001337a 4500
008 180718b1984 xxu||||| |||| 00| 0 eng d
082 _aG811x54 P568
100 _aPhukon, Girin
245 _aAssam: attitude to federalism
_cby Girin Phukon
260 _aNew Delhi
_bSterling
_c1984
300 _a172p.
650 _aAssam (India) --Politics and government.
650 _aFederal government --India --Assam
999 _c351098
_d351098